banner-ar

علم الكلام اليهودي : (Record no. 62901)

MARC details
000 -الفاتح
حقل البيانات ثابتة الطول 01172nam a2200301 4500
005 - وقت وتاريخ اخر تعامل مع التسجيلة
رقم الضبط 20240530110613.0
008 - عناصر البيانات ثابتة الطول - معلومات عامة
حقل البيانات ثابتة الطول 161116s2015 ua g b 000 0 ara d
017 ## - رقم الايداع القانونى
رقم الايداع القانونى 2014/20270
المصدر ( الهيئة المختصة) مصر . دار الكتب المصرية
020 ## - الرقم الدولى المعيارى للكتب
الرقم الدولى المعيارى للكتاب 9789774279348
040 ## - مصدر الفهرسة
وكالة الفهرسة الأصلية EG-CaGPL
082 04 - رقم تصنيف ديوى العشرى
رقم الطبعة 21
رقم التصنيف 181.06\
رقم المادة ي ع
100 0# - المدخل الرئيسى - إسم شخصى
الإسم الشخصى يحيى ذكري .
245 10 - بيان العنوان
العنوان علم الكلام اليهودي :
بقية العنوان سعيد بن يوسف الفيومي سعديا جاءون : نموذجا /
بيان المسئوليه,etc يحيى ذكري ؛ تقديم مصطفى النشار .
250 ## - بيان الطبعة
بيان الطبعة ط. 1
260 ## - PUBLICATION, DISTRIBUTION, ETC. (IMPRINT)
تاريخ النشر أو التوزيع 2015 .
300 ## - الوصف المادى
التعداد 301 ص. ؛
أبعاد الوعاء 24 سم .
504 ## - تبصرة ببليوجرافية
تبصرة ببليوجرافية,الخ ببليوجرافية : ص 281 - 289
600 0# - المدخل الاضافى بالموضوع-اسم شخصى
الإسم الشخصى سعديا جاءون
600 0# - المدخل الاضافى بالموضوع-اسم شخصى
الإسم الشخصى سعيد بن يوسف الفيومي
600 0# - المدخل الاضافى بالموضوع-اسم شخصى
الإسم الشخصى ابن فاقودة
600 0# - المدخل الاضافى بالموضوع-اسم شخصى
الإسم الشخصى ابن ميمون
650 07 - المدخل الاضافى بالموضوع-مصطلح موضوعى
مصدر الرأس أو المصطلح qarmak
مصطلح موضوعي اليهودية
650 07 - المدخل الاضافى بالموضوع-مصطلح موضوعى
مصدر الرأس أو المصطلح qarmak
مصطلح موضوعي اليهودية
التقسيم الفرعي العام فلسفة
650 07 - المدخل الاضافى بالموضوع-مصطلح موضوعى
مصدر الرأس أو المصطلح qarmak
مصطلح موضوعي اليهودية
التقسيم الفرعي العام علم
700 0# - المدخل الاضافى - اسم شخصى
الإسم الشخصى مصطفى النشار
الدور مقدم
942 ## - عناصر المدخل الإضافي( كوها)
مصدر التصنيف او مخطط الترفيف Dewey Decimal Classification
Koha [default] item type كتاب
260 ## - PUBLICATION, DISTRIBUTION, ETC. (IMPRINT)
-- القاهرة :
-- الدار المصرية اللبنانية ،
Holdings
حالة التراجع حالة الفقد حالة تلف ليس للاعارة المكان المؤقت الموقع الحالى موقع الترفيف تاريخ الاكتساب اجمالي اﻻعارات رقم الطلب الباركود تاريخ اخر مشاهدة تاريخ تفعيل السعر نوع وعاء كوها
        مكتبة القاهرة الكبرى مكتبة القاهرة الكبرى القاعة الرئيسية 11/24/2016   181.06\ ي ع 162811 11/24/2016 11/24/2016 كتاب

Powered By

EGPV